مكتبة جامعة عجلون الوطنية

فهرس بحث المكتبة

Boundary Value Problems of Nonlinear Fractional Differential Equations / (Record no. 33604)

MARC details
000 -LEADER
fixed length control field 00718nam a22001817a 4500
003 - CONTROL NUMBER IDENTIFIER
control field JO-AjAnu
005 - DATE AND TIME OF LATEST TRANSACTION
control field 20240709103913.0
008 - FIXED-LENGTH DATA ELEMENTS--GENERAL INFORMATION
fixed length control field 240708b jo ||||| |||| 00| 0 ara d
040 ## - CATALOGING SOURCE
Original cataloging agency JO-AjAnu
Transcribing agency JO-AjAnu
041 #0 - LANGUAGE CODE
Language code of original ENG
100 ## - MAIN ENTRY--PERSONAL NAME
Personal name Alghragher, Saja Mousa
Relator term prepared
9 (RLIN) 66106
245 10 - TITLE STATEMENT
Title Boundary Value Problems of Nonlinear Fractional Differential Equations /
Statement of responsibility, etc. preaperd Saja Mousa Alghragher - Supervisor Hamzeh Taha Alkasasbeh
300 ## - PHYSICAL DESCRIPTION
Extent 93 paper
500 ## - GENERAL NOTE
General note University thesis (Master’s thesis in mathematics), Ajloun National University (Ajloun, Jordan), College of Science, 2024<br/>
650 ## - SUBJECT ADDED ENTRY--TOPICAL TERM
Form subdivision Nanlinear Fractional
700 ## - ADDED ENTRY--PERSONAL NAME
Personal name Alkasasbeh, Hamzeh Taha
Relator term Supervisor
9 (RLIN) 66037
942 ## - ADDED ENTRY ELEMENTS (KOHA)
Source of classification or shelving scheme Library of Congress Classification
Koha item type Thesis
Suppress in OPAC No
Holdings
Withdrawn status Lost status Source of classification or shelving scheme Damaged status Not for loan Home library Current library Date acquired Total Checkouts Full call number Barcode Date last seen Price effective from Koha item type
    Library of Congress Classification     مكتبة جامعة عجلون الوطنية مكتبة جامعة عجلون الوطنية 08/07/2024   QA379.2024 E3805 08/07/2024 08/07/2024 Thesis
    Library of Congress Classification     مكتبة جامعة عجلون الوطنية مكتبة جامعة عجلون الوطنية 08/07/2024   QA379.2024 E3806 08/07/2024 08/07/2024 Thesis